[Event "Sandefjord Caissa CC-ch"]
[Site "Sandefjord"]
[Date "2006.04.10"]
[Round "8"]
[White "Gulliksen, Finn Morten"]
[Black "Hajdu, Josef"]
[Result "1-0"]
[WhiteElo "1776"]
[BlackElo "1341"]
[PlyCount "52"]
[EventDate "2006.01.16"]
[EventType "swiss"]
[EventRounds "8"]
[EventCountry "NOR"]
[SourceTitle "EXT 2007"]
[Source "ChessBase"]
[SourceDate "2006.11.23"]
[SourceVersion "1"]
[SourceVersionDate "2006.11.23"]
[SourceQuality "1"]

1. d4 Nf6 2. c4 d5 3. cxd5 Nxd5 4. Nf3 Nf6 5. Nc3 Bf5 6. Qb3 Qc8 7. Bf4 c6 8. Rc1 Be6 9. d5 Bd7 10. Ne5 e6 11. e4 a6 12. Nc4 Bc5 13. dxc6 Bxc6 14. Be3 Bxe4 15. Nxe4 0-0 16. Nxf6+ gxf6 17. Nd6 Qc6 18. Bxc5 Nd7 19. Qg3+ Kh8 20. Be3 Qd5 21. Bc4 Qa5+ 22. Bd2 Qb6 23. Bh6 Qa5+ 24. Rc3 Qe5+ 25. Qxe5 Nxe5 26. Bxf8 Rxf8 1-0

[Event "Sandefjord Caissa CC-ch"]
[Site "Sandefjord"]
[Date "2006.01.30"]
[Round "3"]
[White "Gulliksen, Finn Morten"]
[Black "Tuft, Ole Richard"]
[Result "1-0"]
[WhiteElo "1776"]
[BlackElo "1677"]
[PlyCount "68"]
[EventDate "2006.01.16"]
[EventType "swiss"]
[EventRounds "8"]
[EventCountry "NOR"]
[SourceTitle "EXT 2007"]
[Source "ChessBase"]
[SourceDate "2006.11.23"]
[SourceVersion "1"]
[SourceVersionDate "2006.11.23"]
[SourceQuality "1"]

1. d4 Nf6 2. c4 e6 3. Nc3 Bb4 4. Qc2 0-0 5. a3 Bxc3+ 6. Qxc3 d6 7. Nf3 Nbd7 8. g3 Ne4 9. Qc2 f5 10. Bg2 Ndf6 11. Nd2 Nxd2 12. Bxd2 Rb8 13. 0-0 Qe8 14. Bb4 Rf7 15. Rac1 Bd7 16. Rfd1 b6 17. Bc3 Nh5 18. e4 f4 19. e5 dxe5 20. Bf3 g6 21. Qe2 fxg3 22. fxg3 exd4 23. Rxd4 Ng7 24. Rf1 Qf8 25. Rdd1 Ba4 26. Rd3 Re8 27. b4 c5 28. Re3 Bd7 29. Re5 Qe7 30. bxc5 bxc5 31. Qe3 Ref8 32. Kg2 Nf5 33. Qxc5 Qxc5 34. Rxc5 Ne3+ 1-0

[Event "Vestfold KM op"]
[Site "Sandefjord"]
[Date "2004.04.24"]
[Round "2"]
[White "Bue, Gunnar"]
[Black "Gulliksen, Finn Morten"]
[Result "0-1"]
[WhiteElo "1629"]
[BlackElo "1823"]
[PlyCount "40"]
[EventDate "2004.04.??"]
[EventType "swiss"]
[EventRounds "5"]
[EventCountry "NOR"]
[SourceTitle "EXT 2006"]
[Source "ChessBase"]
[SourceDate "2005.11.24"]
[SourceVersion "1"]
[SourceVersionDate "2005.11.24"]
[SourceQuality "1"]

1. d4 Nf6 2. c4 e6 3. Nf3 c5 4. e3 g6 5. Bd3 Bg7 6. 0-0 0-0 7. b3 cxd4 8. exd4 d5 9. Bb2 Nc6 10. Nbd2 b6 11. Qe2 Re8 12. Ne5 Nb4 13. Bb1 dxc4 14. a3 c3 15. Bxc3 Ba6 16. Ndc4 Nbd5 17. Bd2 b5 18. Ba5 Nf4 19. Qf3 Qxd4 20. Bc3 Qxc3 0-1

[Event "Vestfold KM op"]
[Site "Sandefjord"]
[Date "2004.04.24"]
[Round "1"]
[White "Gulliksen, Finn Morten"]
[Black "Tuft, Ole Richard"]
[Result "1-0"]
[WhiteElo "1823"]
[BlackElo "1595"]
[PlyCount "69"]
[EventDate "2004.04.??"]
[EventType "swiss"]
[EventRounds "5"]
[EventCountry "NOR"]
[SourceTitle "EXT 2006"]
[Source "ChessBase"]
[SourceDate "2005.11.24"]
[SourceVersion "1"]
[SourceVersionDate "2005.11.24"]
[SourceQuality "1"]

1. d4 e6 2. c4 b6 3. e4 Bb7 4. Bd3 Nc6 5. Be3 Nb4 6. Nc3 Nxd3+ 7. Qxd3 Ne7 8. d5 Ng6 9. Nf3 Be7 10. 0-0-0 0-0 11. h4 Re8 12. h5 Nf8 13. g4 a6 14. Nd4 Bc5 15. f4 Qe7 16. Kb1 c6 17. e5 cxd5 18. cxd5 d6 19. Rhe1 Rad8 20. dxe6 fxe6 21. exd6 Qxd6 22. Qc4 Bd5 23. Qxa6 Ra8 24. Qd3 Bb4 25. Ndb5 Qc6 26. Nxd5 exd5 27. Re2 Red8 28. Bd4 Ne6 29. Rxe6 Qxe6 30. Nc7 Qe4 31. Nxa8 Rxa8 32. Bxb6 Rb8 33. Bc7 Rb7 34. Be5 Qg2 35. Qxd5+ 1-0

[Event "Sandefjord CC-ch"]
[Site "Sandefjord"]
[Date "2003.03.17"]
[Round "8"]
[White "Gulliksen, Finn Morten"]
[Black "Tuft, Ole Richard"]
[Result "1-0"]
[WhiteElo "1822"]
[BlackElo "1489"]
[PlyCount "43"]
[EventDate "2003.01.??"]
[EventType "swiss"]
[EventRounds "8"]
[EventCountry "NOR"]
[SourceTitle "EXT 2005"]
[Source "ChessBase"]
[SourceDate "2004.11.15"]
[SourceVersion "1"]
[SourceVersionDate "2004.11.15"]
[SourceQuality "1"]

1. d4 Nf6 2. c4 e6 3. Nf3 Ne4 4. g3 d5 5. Bg2 c6 6. 0-0 Bd6 7. Ne1 f5 8. f3 Ng5 9. Be3 0-0 10. Qd2 Nf7 11. c5 Be7 12. Nd3 Bf6 13. Na3 g5 14. Nc2 Nd7 15. Rad1 Qe7 16. Bf2 e5 17. e4 dxe4 18. fxe4 fxe4 19. Bxe4 exd4 20. Rde1 Nde5 21. Bxd4 Nf3+ 22. Bxf3 1-0

[Event "Kretsmesterskap"]
[Site "Sandefjord"]
[Date "2003.03.02"]
[Round "4"]
[White "Tuft, Ole Richard"]
[Black "Gulliksen, Finn Morten"]
[Result "0-1"]
[WhiteElo "1489"]
[BlackElo "1822"]
[PlyCount "103"]
[EventDate "2003.03.??"]
[EventType "swiss"]
[EventRounds "4"]
[EventCountry "NOR"]
[SourceTitle "EXT 2005"]
[Source "ChessBase"]
[SourceDate "2004.11.15"]
[SourceVersion "1"]
[SourceVersionDate "2004.11.15"]
[SourceQuality "1"]

1. d4 Nf6 2. c4 e6 3. g3 c5 4. Nf3 cxd4 5. Nxd4 d5 6. Bg2 e5 7. Nc2 d4 8. f4 Bd6 9. fxe5 Bxe5 10. Bf4 Qa5+ 11. b4 Qc7 12. Bxe5 Qxe5 13. Qxd4 Qh5 14. Nc3 0-0 15. Nd5 Nxd5 16. Qxd5 Qh6 17. 0-0 Nc6 18. b5 Be6 19. Qc5 Na5 20. Qc7 Nxc4 21. Bxb7 Rad8 22. Qf4 Rd2 23. Qxh6 gxh6 24. Rac1 Rfd8 25. Bf3 Ne5 26. Kf2 Nd3+ 27. Ke3 Nxc1 28. Rxc1 Bxa2 29. Nb4 Rb2 30. Nxa2 Rxa2 31. Bc6 Rd6 32. Be4 Re6 33. Kf3 Rf6+ 34. Ke3 Re6 35. Kf3 Ra3+ 36. Bd3 Kg7 37. Rc5 Kf6 38. Kg2 Re5 39. Rc6+ Kg7 40. Rc7 Kf8 41. Rc6 Kg7 42. Rc7 h5 43. Bc4 Rf5 44. e4 Rff3 45. Rxa7 Rxg3+ 46. hxg3 Rxa7 47. Bd5 Ra1 48. b6 Rb1 49. b7 Kf6 50. Kf3 Ke5 51. Ke3 f5 52. Bf7 0-1

[Event "Sandefjord CC-ch"]
[Site "Sandefjord"]
[Date "2003.02.03"]
[Round "1"]
[White "Gulliksen, Finn Morten"]
[Black "Tidemann Andersen, Leif"]
[Result "1-0"]
[WhiteElo "1822"]
[BlackElo "1466"]
[PlyCount "77"]
[EventDate "2003.01.??"]
[EventType "swiss"]
[EventRounds "8"]
[EventCountry "NOR"]
[SourceTitle "EXT 2005"]
[Source "ChessBase"]
[SourceDate "2004.11.15"]
[SourceVersion "1"]
[SourceVersionDate "2004.11.15"]
[SourceQuality "1"]

1. d4 Nf6 2. c4 g6 3. Nc3 Bg7 4. e4 d6 5. f3 0-0 6. Bd3 b6 7. Be3 c5 8. e5 cxd4 9. exf6 Bxf6 10. Be4 dxc3 11. Bxa8 Qc7 12. Bd4 cxb2 13. Rb1 Qxc4 14. Bxf6 exf6 15. Rxb2 Ba6 16. Ne2 Re8 17. Rc2 Qe6 18. Be4 Nd7 19. Bd3 Bb7 20. Bb5 Re7 21. Bxd7 Rxd7 22. Qd3 Bd5 23. 0-0 Bxa2 24. Nf4 Qe5 25. Nxg6 fxg6 26. Rxa2 Qc5+ 27. Kh1 Rc7 28. Rd1 Kf8 29. h3 Ke7 30. Re2+ Kd7 31. Qe4 Qe5 32. Qa4+ b5 33. Rxe5 bxa4 34. Ra5 Rc4 35. Rxa7+ Kc6 36. Ra6+ Kb5 37. Rdxd6 Rc1+ 38. Kh2 Ra1 39. Rxf6 1-0